|
|
|
|
| LEADER |
02383nam a2200613 a 4500 |
| 001 |
nkc20112183824 |
| 003 |
CZ PrNK |
| 005 |
20110701154130.0 |
| 007 |
ta |
| 008 |
110419s2011 xr ah e f 000 0 eng |
| 015 |
|
|
|a cnb002183824
|
| 020 |
|
|
|a 978-80-7372-726-0
|q (brož.)
|
| 035 |
|
|
|a (OCoLC)746836207
|
| 040 |
|
|
|a BOA001
|b cze
|d ABA001
|
| 043 |
|
|
|a e-xr---
|a e-fr---
|
| 072 |
|
7 |
|a 378
|x Vysoké školy
|2 Konspekt
|9 22
|
| 080 |
|
|
|a 378.4
|2 MRF
|
| 080 |
|
|
|a 004
|2 MRF
|
| 080 |
|
|
|a 378.046.3
|2 MRF
|
| 080 |
|
|
|a (437.3)
|2 MRF
|
| 080 |
|
|
|a (44)
|2 MRF
|
| 080 |
|
|
|a (073)
|2 MRF
|
| 080 |
|
|
|a (036)
|2 MRF
|
| 245 |
0 |
0 |
|a Master study programme guide "Engineering of Interactive Systems"
|
| 246 |
3 |
0 |
|a Engineering of Interactive Systems
|
| 250 |
|
|
|a 1. vyd.
|
| 260 |
|
|
|a Liberec :
|b Technická univerzita v Liberci,
|c 2011
|
| 300 |
|
|
|a 24 s. :
|b il., faksim. ;
|c 30 cm
|
| 500 |
|
|
|a Nad názvem: Technical University of Liberec, Faculty of Mechatronics, Informatics and Interdisciplinary Studies and Université Paul Sabatier Toulouse
|
| 650 |
0 |
7 |
|a univerzity
|7 ph126937
|z Česko
|2 czenas
|
| 650 |
0 |
7 |
|a univerzity
|7 ph126937
|z Francie
|2 czenas
|
| 650 |
0 |
7 |
|a informatika
|7 ph137095
|2 czenas
|
| 650 |
0 |
7 |
|a magisterské studium
|7 ph156688
|2 czenas
|
| 650 |
0 |
9 |
|a universities
|z Czechia
|2 eczenas
|
| 650 |
0 |
9 |
|a universities
|z France
|2 eczenas
|
| 650 |
0 |
9 |
|a informatics
|2 eczenas
|
| 650 |
0 |
9 |
|a master's education
|2 eczenas
|
| 655 |
|
7 |
|a studijní programy
|7 fd520458
|2 czenas
|
| 655 |
|
7 |
|a informační publikace
|7 fd132454
|2 czenas
|
| 655 |
|
9 |
|a study programs
|2 eczenas
|
| 655 |
|
9 |
|a information publications
|2 eczenas
|
| 610 |
2 |
7 |
|a Technická univerzita v Liberci.
|b Fakulta mechatroniky, informatiky a mezioborových studií
|7 xx0090191
|2 czenas
|
| 610 |
2 |
7 |
|a Université Paul Sabatier
|7 ko2003182793
|2 czenas
|
| 651 |
|
7 |
|a Liberec (Česko)
|7 ge128509
|2 czenas
|
| 651 |
|
7 |
|a Toulouse (Francie)
|7 ge375702
|2 czenas
|
| 651 |
|
9 |
|a Liberec (Czechia)
|2 eczenas
|
| 651 |
|
9 |
|a Toulouse (France)
|2 eczenas
|
| 710 |
2 |
|
|a Technická univerzita v Liberci.
|b Fakulta mechatroniky, informatiky a mezioborových studií
|7 xx0090191
|
| 710 |
2 |
|
|a Université Paul Sabatier
|7 ko2003182793
|
| 910 |
2 |
|
|a BOA001
|b 4-1266.589
|
| 990 |
|
|
|a BK
|
| 995 |
|
|
|a 01
|
| 991 |
|
|
|b 201106
|c NOV
|e n
|
| 996 |
6 |
|
|b 2610466815
|c 4-1266.589
|l MZK
|r Sklad / do 1 hodiny
|n 0
|p p.v.
|w 001181723
|u 000010
|a 1
|e BOA001
|j MZK50
|s P
|